50 Most Valuable Belgian Players - Statistics

General Stats
  • This quiz has been taken 93 times
    43 since last reset
  • The average score is 21 of 50
Answer Stats
Rank Value (€) Club Player % Correct
2 €60M Manchester City Jeremy Doku
94%
7 €35M Manchester City Kevin De Bruyne
94%
1 €60M RB Leipzig Lois Openda
91%
11 €25M Real Madrid Thibaut Courtois
88%
8 €30M Arsenal Leandro Trossard
85%
10 €25M Napoli Romelu Lukaku
85%
3 €55M Aston Villa Amadou Onana
79%
6 €38M Atalanta Charles De Ketelaere
76%
9 €30M Aston Villa Youri Tielemans
76%
5 €40M Chelsea Romeo Lavia
73%
19 €15M Fulham Timothy Castagne
64%
17 €20M Sevilla FC Dodi Lukebakio
61%
4 €40M PSV Eindhoven Johan Bakayoko
61%
16 €20M Leicester City Wout Faes
61%
18 €20M Eintracht Frankfurt Arthur Theate
58%
14 €24M Sporting CP Zeno Debast
58%
12 €25M RB Leipzig Arthur Vermeeren
52%
13 €25M Olympique Lyon Malick Fofana
48%
15 €20M Everton Orel Mangala
48%
22 €12M AS Roma Alexis Saelemaekers
45%
46 €7M Nottingham Forest Matz Sels
45%
24 €12M Club Brugge Maxim De Cuyper
42%
37 €8.5M Borussia Dortmund Julien Duranville
33%
25 €12M Genoa Koni De Winter
33%
32 €10M Ajax Mika Godts
33%
48 €7M Galatasaray Michy Batshuayi
30%
41 €8M Juventus Samuel Mbangula
30%
30 €10M KRC Genk Bryan Heynen
27%
21 €12M Napoli Cyril Ngonge
27%
38 €8M Al-Shabab Yannick Carrasco
27%
27 €11M Celtic Arne Engels
24%
26 €12M VFL Wolfsburg Aster Vranckx
24%
39 €8M Chicago Fire Hugo Cuypers
24%
45 €7M KRC Genk Konstantinos Karetsas
24%
33 €10M VFB Stuttgart Ameen Al-Dakhil
21%
40 €8M RB Leipzig Maarten Vandevoordt
21%
28 €11M Parma Mandela Keita
21%
49 €7M VFL Wolfsburg Sebastiaan Bornauw
21%
23 €12M Sevilla FC Albert Sambi Lokonga
18%
20 €14M RSC Anderlecht Mario Stroeykens
18%
31 €10M Burnley Mike Tresor
15%
35 €9M Werder Bremen Senne Lynen
15%
42 €8M KRC Genk Jarne Steuckers
12%
36 €9M KAA Gent Mathias Delorge
12%
34 €10M LOSC Lille Matias Fernandez-Pardo
12%
43 €8M Royal Antwerp Zeno Van Den Bosch
12%
47 €7M Al-Rayyan SC Julien De Sart
9%
44 €7.5M Leeds United Largie Ramazani
9%
29 €10M KRC Genk Matte Smets
9%
50 €7M Royal Antwerp Michel-Ange Balikwisha
6%
No matching quizzes found
Score Distribution
Percent of People with Each Score
Percentile by Number Answered
Your Score History
You have not taken this quiz since the last reset